书目信息 |
| 题名: |
解剖BIM算量
|
|
| 作者: | 段然 编著 | |
| 分册: | ||
| 出版信息: | 北京 机械工业出版社 2020.04 |
|
| 页数: | 122页 | |
| 开本: | 21x29cm | |
| 丛书名: | BIM系列图书 | |
| 单 册: | ||
| 中图分类: | TU201.4 | |
| 科图分类: | ||
| 主题词: | 建筑设计--jian zhu she ji--计算机辅助设计--应用软件 | |
| 电子资源: | ||
| ISBN: | 978-7-111-64730-0 | |
| 000 | 00991nam 2200241 450 | |
| 001 | 2070617022 | |
| 005 | 20201108193701.10 | |
| 010 | @a978-7-111-64730-0@dCNY45.00 | |
| 100 | @a20200601d2020 em y0chiy50 ea | |
| 101 | 0 | @achi |
| 102 | @aCN@b110000 | |
| 105 | @aak z 000yy | |
| 200 | 1 | @a解剖BIM算量@Ajie pou BIM suan liang@f段然编著 |
| 210 | @a北京@c机械工业出版社@d2020.04 | |
| 215 | @a122页@c彩图@d21x29cm | |
| 225 | 2 | @aBIM系列图书@ABIMxi lie tu shu |
| 330 | @a本书共六章, 分为理论和案例两个部分。理论部分对BIM模型如何应用于工程计量进行了阐述, 重点说明了基于我国清单定额规则下BIM模型算量的理论基础和实现方式。案例部分为Revit模型在工程计量方面的具体应用, 包括Revit模型算量的通用流程, 以及Revit平台插件和Revit模型数据导出这两类解决方案的具体软件操作。 | |
| 410 | 0 | @12001 @aBIM系列图书 |
| 606 | 0 | @a建筑设计@Ajian zhu she ji@x计算机辅助设计@x应用软件 |
| 690 | @aTU201.4@v5 | |
| 701 | 0 | @a段然@Aduan ran@4编著 |
| 801 | 0 | @aCN@b人天书店@c20201004 |
| 905 | @aZUCC@dTU201.4@eD933 | |
| 解剖BIM算量/段然编著.-北京:机械工业出版社,2020.04 |
| 122页:彩图;21x29cm.-(BIM系列图书) |
| ISBN 978-7-111-64730-0:CNY45.00 |
| 本书共六章, 分为理论和案例两个部分。理论部分对BIM模型如何应用于工程计量进行了阐述, 重点说明了基于我国清单定额规则下BIM模型算量的理论基础和实现方式。案例部分为Revit模型在工程计量方面的具体应用, 包括Revit模型算量的通用流程, 以及Revit平台插件和Revit模型数据导出这两类解决方案的具体软件操作。 |
| ● |
| 相关链接 |
|
|
|
正题名:解剖BIM算量
索取号:TU201.4/D933
 
预约/预借
| 序号 | 登录号 | 条形码 | 馆藏地/架位号 | 状态 | 备注 |
| 1 | 1487416 | 214874162 | 建筑库101/101建筑库 33排3列2层/ [索取号:TU201.4/D933] | 在馆 | |
| 2 | 1487417 | 214874171 | 建筑库101/101建筑库 33排3列2层/ [索取号:TU201.4/D933] | 在馆 |